Statistics for Words with a Silent B

Click here to take the quiz!

General Stats

  • This quiz has been taken 17,977 times
  • The average score is 12 of 18

Answer Stats

DefinitionWord% Correct
Young sheepLamb
96%
Arm or leg, for exampleLimb
91%
Without the ability to feelNumb
90%
A small piece of bread that breaks offCrumb
88%
UterusWomb
88%
Burial vaultTomb
86%
To ascendClimb
82%
Money owedDebt
82%
MuteDumb
71%
Hexagonal cells made by beesHoneycomb
69%
To fail disastrously at the box officeBomb
66%
Subterranean tunnel system once
used as a cemetery
Catacomb
63%
To yield to desireSuccumb
50%
The opposite of certaintyDoubt
47%
Lead ball on a string used to test verticalityPlumb
43%
Vertical parts of a doorframeJamb
43%
Not obviousSubtle
25%
"Foot" of verse with one stressed syllable
and one unstressed syllable
Iamb
24%

Score Distribution

Percentile by Number Answered

Percent of People with Each Score

Your Score History

You have not taken this quiz